| 000 | 00413nam a2200169Ia 4500 | ||
|---|---|---|---|
| 005 | 20251020182611.0 | ||
| 008 | 200515s9999 xx 000 0 und d | ||
| 082 | _aSC/651.741/P11 | ||
| 100 | _aPABON FLORES, Luis | ||
| 245 | 0 | _aManual de redacción comercial : Secretario Oportuno | |
| 260 | _aLima | ||
| 260 | _c1977 | ||
| 300 | _a301 | ||
| 650 | _aMANUALES | ||
| 650 | _aREDACCION COMERCIAL | ||
| 942 | _cLIB | ||
| 999 |
_c3338 _d3338 |
||